| 000 | 00404nam a2200145 i 4500 | ||
|---|---|---|---|
| 001 | 130545 | ||
| 003 | ES-MaACL | ||
| 007 | t| | ||
| 008 | 070731s1975 sp ||||1| baq d | ||
| 100 | 1 |
_aZárate, Mikel. _9118048 |
|
| 245 | 1 | 0 |
_aIpuin antzeko alegi mingotsak... / _cMikel Zárate. |
| 260 |
_aDurango : _bLeopoldo Zugaza, _c[1975] |
||
| 300 |
_a182 p. ; _c22 cm. |
||
| 852 |
_aES-MaACL _jE-9951 _bR.94259 |
||
| 999 |
_c130545 _d130545 |
||